000 01020cam a22003015i 4500
001 15912644
003 EG-ScBUE
005 20260315100215.0
008 090918t2010 ne a f b 001 0 eng d
020 _a9789048128464
040 _aEG-ScBUE
_beng
_erda
_cEG-ScBUE
_dEG-ScBUE
082 0 4 _a553.2820947
_bDJU
_222
100 1 _911547
_aDi︠u︡nin, V. I.
_q(Valeriĭ Ivanovich),
_eauthor.
245 1 0 _aHydrogeodynamics of oil and gas basins /
_cV. I. Djunin, A. V. Korzun.
264 1 _aDordrecht :
_bSpringer,
_c[2010]
264 4 _cc2010
300 _axix, 395 pages :
_billustrations ;
_c22 cm
336 _2rdacontent
_atext
_btxt
337 _aunmediated
_2rdamedia
_bn
338 _avolume
_bnc
_2rdacarrier
504 _aIncludes bibliographical references and index.
650 7 _911542
_aStratigraphic traps (Petroleum geology)
_2BUEsh
650 7 _911543
_aHydrogeology.
_2BUEsh
650 7 _aGeodynamics.
_2BUEsh
655 _vReading book
700 1 _911546
_aKorzun, A. V.,
_eauthor.
942 _2ddc
_cBB
999 _c13403
_d13403